000 00739nam a2200193Ia 4500
003 GCL
008 140319s9999 xx 000 0 ara d
040 _aGCL /
_cGCL
082 0 4 _a810.9036
_bث ا
100 1 _aوزارة الثقافة والارشاد القومى
245 1 0 _aانساب الخيل فى الجاهلية والاسلام واخبارها (هدية من الاديب عبدالفتاح الجمل) /
_cوزارة الثقافة والارشاد القومى
700 1 _aوزارة الثقافة
300 _a136 ص
490 _aالمكتبة العربية للتراث
_v0
650 0 4 _aالادب العربى
650 0 4 _aالخيل فى الادب
650 0 4 _aتاريخ ونقد
942 _2ddc
_cBK
999 _c42303
_d42303